| 000 | 00559nam a2200193 4500 | ||
|---|---|---|---|
| 001 | 136098 | ||
| 003 | ES-MaACL | ||
| 005 | 20260507155222.0 | ||
| 007 | t| | ||
| 008 | 070214s1966 sp r ||||1| spa d | ||
| 100 |
_aRoy, Jules, _d1907-2000 _9239225 |
||
| 245 | 1 | 0 |
_aViaje a China / _cJules Roy ; traducción de Mercedes Sánchez de Sastre. |
| 250 | _a1ª. ed. | ||
| 260 |
_aMadrid : _bCid, _c1966. |
||
| 300 |
_aXII, 295 p. ; _c23 cm. |
||
| 700 | 1 |
_aSánchez de Sastre, Mercedes. _9102597 |
|
| 852 |
_aES-MaACL _jC-29859 _bR.60283 |
||
| 999 |
_c136098 _d136098 |
||